000 00744nam a2200289Ia 4500
001 16454
003 GE_BSU
008 181216s||||||||xx |||||||||||||| ||und||
020 _a9781780894506
040 _cGE_BSU
080 _a811.111(075.8)
100 _aEvans Virginia,Jenny Dooley
245 _aPrime Time 3. Teacher' s Book
245 _bTeacher' s Book
260 _aNewbury
260 _bExpress publishing
260 _c2012
300 _a149p;ill;30cm
300 _b+Teacher' s resurse Pack CD-ROM3;Class CDs(5)
541 _h59gel,85t.
653 _agrammar
653 _aPrime Time 3
653 _aTeacher' s Book
653 _aგრამატიკა
653 _aინგლისური
942 _cBK
999 _c49525
_d49525